[Event "RSA-chT U12"]
[Site "Cape Town"]
[Date "2016.01.07"]
[Round "7.9"]
[White "Katz, Sasha"]
[Black "Aslett, Juan Naude"]
[Result "1-0"]
[WhiteElo "1197"]
[BlackElo "725"]
[PlyCount "67"]
[EventDate "2016.01.04"]
[EventType "team-tourn"]
[EventRounds "7"]
[EventCountry "RSA"]
[SourceTitle "CBM 170 Extra"]
[Source "ChessBase"]
[SourceDate "2016.02.25"]
[SourceVersion "1"]
[SourceVersionDate "2016.02.25"]
[SourceQuality "1"]
[WhiteTeam "Western Province"]
[BlackTeam "Kenneth Kaunda"]
[WhiteTeamCountry "RSA"]
[BlackTeamCountry "RSA"]

1. d4 d5 2. c4 Nc6 3. Nf3 Nf6 4. cxd5 Qxd5 5. Nc3 Qd6 6. Nb5 Qb4+ 7. Nc3 Ng4 8. e3 Qa5 9. Bd2 Nb4 10. Bc4 Be6 11. Nd5 Bxd5 12. Bxd5 Nd3+ 13. Ke2 Qb5 14. Bxf7+ Kxf7 15. Qb3+ Qxb3 16. axb3 Ndxf2 17. Rhc1 c6 18. h3 h5 19. hxg4 Nxg4 20. Rf1 Ke8 21. Rh1 g5 22. Nxg5 Bg7 23. Ne6 Bf6 24. Nc7+ Kd7 25. Nxa8 Rxa8 26. Rxh5 e5 27. Kf3 Rg8 28. Rxa7 exd4 29. exd4 Bxd4 30. Rxb7+ Kd6 31. Rb4 Ne5+ 32. Ke4 c5 33. Ra4 Re8 34. Rh6+ 1-0